| 000 | 00479aam a2200205 4500 | ||
|---|---|---|---|
| 005 | 20250219140005.0 | ||
| 008 | 220328b2001 xxu||||| |||| 00| 0 spa d | ||
| 020 | _a9706513280 | ||
| 041 | _aESP | ||
| 082 | _aR 465 G745g | ||
| 245 | _aOcéano gramática práctica | ||
| 260 | _aEspaña | ||
| 260 | _bOcéano Grupo Editorial | ||
| 260 | _c2001 | ||
| 300 | _a458 páginas | ||
| 650 | _aGRAMÁTICA | ||
| 650 | _aDICCIONARIOS | ||
| 650 | _aPRÁCTICA | ||
| 942 |
_cREF _2ddc |
||
| 999 |
_c3359 _d3359 |
||